[Event "Mollet del Valles A"]
[Site "Mollet del Valles"]
[Date "2009.10.09"]
[Round "2.6"]
[White "Mas Recorda, Pere"]
[Black "Mejia Fernandez, Josep"]
[Result "1-0"]
[WhiteElo "1993"]
[BlackElo "1745"]
[PlyCount "45"]
[EventDate "2009.10.02"]
[EventType "swiss"]
[EventRounds "9"]
[EventCountry "ESP"]
[SourceTitle "EXT 2024"]
[Source "ChessBase"]
[SourceDate "2023.10.10"]
[SourceVersion "1"]
[SourceVersionDate "2023.10.10"]
[SourceQuality "1"]

1. Nf3 Nc6 2. d4 d5 3. e3 Nf6 4. h3 e6 5. c4 Bb4+ 6. Nc3 0-0 7. a3 Bxc3+ 8. bxc3 dxc4 9. Bxc4 b6 10. 0-0 Bb7 11. Bd3 Ne7 12. Ne5 Nc6 13. f4 Nxe5 14. fxe5 Nd5 15. c4 Ne7 16. Qh5 Ng6 17. Bb2 Qh4 18. Bxg6 Qxh5 19. Bxh5 Rad8 20. Bf3 Ba6 21. Rac1 Rfe8 22. a4 c5 23. Rfd1 1-0

[Event "Roncana Tancats-chT 1st"]
[Site "Santa Eulalia de Roncana"]
[Date "2009.05.07"]
[Round "3"]
[White "Lozano Alarcon, Alejandro"]
[Black "Mejia Fernandez, Josep"]
[Result "0-1"]
[WhiteElo "1791"]
[BlackElo "1734"]
[PlyCount "70"]
[EventDate "2009.04.23"]
[EventType "team-swiss"]
[EventRounds "9"]
[EventCountry "ESP"]
[SourceTitle "EXT 2011"]
[Source "ChessBase"]
[SourceDate "2010.11.26"]
[SourceVersion "1"]
[SourceVersionDate "2010.11.26"]
[SourceQuality "1"]

1. e4 e5 2. Nf3 Nc6 3. Bb5 Bc5 4. c3 Nf6 5. d4 exd4 6. cxd4 Bb4+ 7. Bd2 Nxe4 8. Bxb4 Nxb4 9. 0-0 0-0 10. Re1 Nf6 11. Nc3 b6 12. a3 Nbd5 13. Nxd5 Nxd5 14. Bc4 Bb7 15. Re5 Nf6 16. Qd3 d6 17. Re2 a5 18. Rae1 d5 19. Ba2 Ba6 20. Qd2 Bxe2 21. Rxe2 Re8 22. Ne5 Qd6 23. Qc2 Re6 24. Bb1 g6 25. Re3 c5 26. dxc5 Qxc5 27. Qxc5 bxc5 28. Nd3 Rxe3 29. fxe3 c4 30. Nc5 Rb8 31. Na4 Re8 32. Kf2 Ng4+ 33. Kf3 Nxe3 34. Ba2 d4 35. Nb6 c3 0-1